[Event "Innsbruck op 4th"]
[Site "Innsbruck"]
[Date "2020.08.23"]
[Round "2"]
[White "Kilgus, Georg"]
[Black "Jetzl, Joerg"]
[Result "1-0"]
[WhiteElo "2461"]
[BlackElo "2212"]
[PlyCount "73"]
[EventDate "2020.08.22"]
[EventType "swiss"]
[EventRounds "9"]
[EventCountry "AUT"]
[SourceTitle "CBM 198 Extra"]
[Source "ChessBase"]
[SourceDate "2020.11.30"]
[SourceVersion "1"]
[SourceVersionDate "2020.11.30"]
[SourceQuality "1"]

1. Nf3 d5 2. g3 c6 3. Bg2 Bg4 4. h3 Bh5 5. d3 e6 6. 0-0 Bd6 7. e4 Ne7 8. Nc3 0-0 9. Ne2 f6 10. c4 Bf7 11. Qc2 Na6 12. a3 e5 13. b4 d4 14. Nh2 Nb8 15. f4 a5 16. Bd2 axb4 17. axb4 Nd7 18. f5 Rxa1 19. Rxa1 g5 20. fxg6 hxg6 21. h4 Be6 22. g4 Kg7 23. Ng3 Rh8 24. h5 Nf8 25. c5 Bc7 26. hxg6 Nfxg6 27. Nh5+ Kf7 28. Rf1 Nf4 29. Nxf4 exf4 30. Bxf4 Bxf4 31. Rxf4 Rxh2 32. g5 Rxg2+ 33. Qxg2 Ng6 34. Rxf6+ Kg7 35. Rxe6 Nf4 36. Rd6 Qa8 37. Qb2 1-0

[Event "London Classic op 5th"]
[Site "London"]
[Date "2013.12.13"]
[Round "7"]
[White "Maryasin, Boris Feliksovich"]
[Black "Jetzl, Joerg"]
[Result "0-1"]
[WhiteElo "2342"]
[BlackElo "2213"]
[PlyCount "58"]
[EventDate "2013.12.07"]
[EventType "swiss"]
[EventRounds "9"]
[EventCountry "ENG"]
[SourceTitle "CBM 157 Extra"]
[Source "ChessBase"]
[SourceDate "2013.12.19"]
[SourceVersion "1"]
[SourceVersionDate "2013.12.19"]
[SourceQuality "1"]

1. e4 e6 2. d4 d5 3. e5 c5 4. c3 Qb6 5. Nf3 Nc6 6. a3 f6 7. b4 fxe5 8. Nxe5 Nxe5 9. dxe5 a5 10. bxa5 Qc7 11. f4 c4 12. Be3 Bc5 13. Bd4 Ne7 14. Nd2 Bxd4 15. cxd4 Qxa5 16. Kf2 0-0 17. g3 Qc3 18. Nf3 Rxa3 19. Rxa3 Qxa3 20. Qb1 Nf5 21. Qe1 Bd7 22. Bh3 g6 23. Qd2 Ra8 24. g4 Ne7 25. Rc1 b5 26. Bg2 b4 27. Kf1 c3 28. Qe3 Qb2 29. Ne1 Qd2 0-1

[Event "London Classic op 4th"]
[Site "London"]
[Date "2012.12.03"]
[Round "3"]
[White "Sadzikowski, Daniel"]
[Black "Jetzl, Joerg"]
[Result "1-0"]
[WhiteElo "2449"]
[BlackElo "2208"]
[PlyCount "97"]
[EventDate "2012.12.01"]
[EventType "swiss"]
[EventRounds "9"]
[EventCountry "ENG"]
[SourceTitle "CBM 151 Extra"]
[Source "ChessBase"]
[SourceDate "2012.12.18"]
[SourceVersion "1"]
[SourceVersionDate "2012.12.18"]
[SourceQuality "1"]

1. c4 e6 2. Nc3 d5 3. d4 a6 4. cxd5 exd5 5. Bf4 Nf6 6. e3 Bd6 7. Bxd6 Qxd6 8. Bd3 0-0 9. Nge2 Re8 10. Qc2 Nc6 11. a3 Bd7 12. h3 Re7 13. b4 b5 14. Rc1 Na7 15. 0-0 Rae8 16. Nb1 c6 17. Nd2 Nc8 18. Nb3 Nb6 19. Nc5 Bc8 20. Nc3 g6 21. Rce1 Nh5 22. Qd2 Qf6 23. Be2 Qg5 24. f4 Qh4 25. Bxh5 gxh5 26. e4 Nc4 27. Qf2 Qxf2+ 28. Rxf2 Nxa3 29. e5 Bf5 30. g4 hxg4 31. hxg4 Bxg4 32. Ra1 a5 33. bxa5 Nc4 34. a6 Ra7 35. Na2 Bf5 36. Nb4 Rc8 37. Rg2+ Kf8 38. Kf2 Be4 39. Rg3 Nb6 40. Rag1 Bg6 41. f5 Bxf5 42. Rg8+ Ke7 43. Rxc8 Nxc8 44. Nxc6+ Kf8 45. Nxa7 Nxa7 46. Ke3 Bg6 47. Nd7+ Ke7 48. Nf6 Ke6 49. Rc1 1-0

[Event "Graz op-A 19th"]
[Site "Graz"]
[Date "2012.08.25"]
[Round "1"]
[White "Jetzl, Joerg"]
[Black "Spelec, Darko"]
[Result "1/2-1/2"]
[WhiteElo "2209"]
[BlackElo "2012"]
[PlyCount "35"]
[EventDate "2012.08.25"]
[EventType "swiss"]
[EventRounds "9"]
[EventCountry "AUT"]
[SourceTitle "CBM 150 Extra"]
[Source "ChessBase"]
[SourceDate "2012.10.19"]
[SourceVersion "1"]
[SourceVersionDate "2012.10.19"]
[SourceQuality "1"]

1. d4 Nf6 2. Nf3 e6 3. g3 d6 4. Bg2 Nbd7 5. c4 Ne4 6. 0-0 Be7 7. Qc2 f5 8. Ne1 Ng5 9. Nc3 g6 10. Nd3 Nf7 11. Rd1 Nf6 12. c5 d5 13. Bf4 g5 14. Be5 0-0 15. c6 b6 16. Bxf6 Bxf6 17. Qa4 a5 18. e3 1/2-1/2

[Event "Steyr Landesliga 1112"]
[Site "Austria"]
[Date "2012.04.14"]
[Round "10.3"]
[White "Jetzl, Joerg"]
[Black "Sonnberger, Thomas"]
[Result "1-0"]
[WhiteElo "2203"]
[BlackElo "2207"]
[PlyCount "57"]
[EventDate "2011.09.24"]
[EventType "team-tourn"]
[EventRounds "11"]
[EventCountry "AUT"]
[SourceTitle "EXT 2015"]
[Source "ChessBase"]
[SourceDate "2014.11.20"]
[SourceVersion "1"]
[SourceVersionDate "2014.11.20"]
[SourceQuality "1"]
[WhiteTeam "Liezen Admont"]
[BlackTeam "Weiz"]
[WhiteTeamCountry "AUT"]
[BlackTeamCountry "AUT"]

1. d4 c5 2. d5 e6 3. Nc3 a6 4. e4 d6 5. Nf3 e5 6. a4 Be7 7. h3 f5 8. exf5 Bxf5 9. Bd3 Qd7 10. 0-0 Nh6 11. Ng5 Bxg5 12. Bxg5 Bxd3 13. Qxd3 Nf7 14. Ne4 0-0 15. Qg3 Nxg5 16. Nxg5 Rf6 17. f4 exf4 18. Rxf4 Rxf4 19. Qxf4 Qe7 20. Qf5 g6 21. Qc8+ Kg7 22. Ne6+ Kh6 23. Nc7 Nc6 24. Nxa8 Nd4 25. Qg4 Qe3+ 26. Kh1 Ne2 27. Nc7 Ng3+ 28. Kh2 Nf5 29. Ne6 1-0

[Event "Graz op 18th"]
[Site "Graz"]
[Date "2011.08.29"]
[Round "3"]
[White "Tratar, Marko"]
[Black "Jetzl, Joerg"]
[Result "1-0"]
[WhiteElo "2491"]
[BlackElo "2203"]
[PlyCount "73"]
[EventDate "2011.08.27"]
[EventType "swiss"]
[EventRounds "9"]
[EventCountry "AUT"]
[SourceTitle "CBM 144 Extra"]
[Source "ChessBase"]
[SourceDate "2011.10.28"]
[SourceVersion "1"]
[SourceVersionDate "2011.10.28"]
[SourceQuality "1"]

1. d4 e6 2. c4 f5 3. g3 Nf6 4. Bg2 c6 5. Nf3 d5 6. 0-0 Bd6 7. Qc2 0-0 8. Nbd2 b6 9. Ne5 Bb7 10. Ndf3 Ne4 11. Nd3 g5 12. Nfe5 h6 13. f3 Nf6 14. b4 Nbd7 15. Bb2 Rc8 16. c5 Bb8 17. a4 Ba6 18. Rfe1 Bxd3 19. Nxd3 f4 20. gxf4 Nh5 21. fxg5 Qxg5 22. e3 Rxf3 23. Kh1 Rxe3 24. Rxe3 Qxe3 25. Re1 Ng3+ 26. hxg3 Qxg3 27. Re5 Rf8 28. Rh5 Nf6 29. Rh3 Qg6 30. Qe2 Ng4 31. Bc1 Rf5 32. Bf3 h5 33. Bxg4 hxg4 34. Rh6 Rh5+ 35. Rxh5 Qxh5+ 36. Kg1 Qf5 37. Nf2 1-0

[Event "AUT-chT2S 0102"]
[Site "Austria"]
[Date "2002.??.??"]
[Round "6"]
[White "Jetzl, Joerg"]
[Black "Wurm, Christoph"]
[Result "1-0"]
[WhiteElo "2216"]
[BlackElo "2184"]
[PlyCount "87"]
[EventDate "2001.11.10"]
[EventType "team"]
[EventRounds "11"]
[EventCountry "AUT"]
[SourceTitle "EXT 2003"]
[Source "ChessBase"]
[SourceDate "2002.11.25"]
[SourceVersion "1"]
[SourceVersionDate "2002.11.25"]
[SourceQuality "1"]

1. d4 d5 2. c4 e6 3. Nc3 c6 4. e4 dxe4 5. Nxe4 Nf6 6. Nxf6+ Qxf6 7. Nf3 Bb4+ 8. Bd2 Bxd2+ 9. Qxd2 0-0 10. Bd3 Rd8 11. 0-0 Nd7 12. Rad1 b6 13. Qe3 Ba6 14. Ng5 h6 15. Ne4 Qe7 16. Ng3 Nf6 17. Rfe1 Qc7 18. Ne4 Ng4 19. Qh3 Qf4 20. Bf1 e5 21. Rd3 Qf5 22. f3 Bxc4 23. fxg4 Qg6 24. Rf3 Be6 25. Qg3 exd4 26. h3 c5 27. Bd3 c4 28. Nf6+ Qxf6 29. Rxf6 gxf6 30. Bf5 d3 31. Bxe6 fxe6 32. Qe3 e5 33. Qxh6 Kf7 34. Qh7+ Ke6 35. Qf5+ Ke7 36. g5 fxg5 37. Qxe5+ Kd7 38. Rf1 Kc6 39. Rf6+ Kb7 40. Rf7+ Ka6 41. Qc3 d2 42. Qxc4+ b5 43. Rf6+ Ka5 44. b4+ 1-0

[Event "AUT-chT2S 0102"]
[Site "Austria"]
[Date "2002.??.??"]
[Round "5"]
[White "Pfaffel, Thomas"]
[Black "Jetzl, Joerg"]
[Result "0-1"]
[WhiteElo "2049"]
[BlackElo "2216"]
[PlyCount "60"]
[EventDate "2001.11.10"]
[EventType "team"]
[EventRounds "11"]
[EventCountry "AUT"]
[SourceTitle "EXT 2003"]
[Source "ChessBase"]
[SourceDate "2002.11.25"]
[SourceVersion "1"]
[SourceVersionDate "2002.11.25"]
[SourceQuality "1"]

1. e4 e6 2. d4 d5 3. Nd2 Nf6 4. e5 Nfd7 5. f4 c5 6. c3 Nc6 7. Ndf3 Qb6 8. h4 cxd4 9. cxd4 Bb4+ 10. Kf2 f6 11. Kg3 0-0 12. Bd3 fxe5 13. dxe5 Nc5 14. Bb1 Ne4+ 15. Bxe4 dxe4 16. Ng5 Nd4 17. N1h3 h6 18. Nxe4 Nf5+ 19. Kh2 Rd8 20. Qh5 Bd7 21. Qg6 Be7 22. Nf6+ Bxf6 23. exf6 Be8 24. Qg4 Rd3 25. fxg7 Rad8 26. Rg1 Bc6 27. a4 Qc5 28. Qe2 Qc4 29. Qe5 Qb3 30. Ra3 Rxh3+ 0-1

[Event "AUT-chT2S 9899"]
[Site "Austria"]
[Date "1999.01.24"]
[Round "6.4"]
[White "Jetzl, Joerg"]
[Black "Schroecker, Maria Luise"]
[Result "1-0"]
[WhiteElo "2225"]
[BlackElo "2095"]
[PlyCount "69"]
[EventDate "1998.10.??"]
[EventType "team"]
[EventRounds "11"]
[EventCountry "AUT"]
[SourceTitle "EXT 2001"]
[Source "ChessBase"]
[SourceDate "2000.11.22"]
[SourceVersion "1"]
[SourceVersionDate "2000.11.22"]
[SourceQuality "1"]

1. Nf3 Nf6 2. c4 c5 3. e3 Nc6 4. d4 cxd4 5. exd4 d5 6. Nc3 e6 7. Bd3 dxc4 8. Bxc4 Bb4 9. 0-0 Bxc3 10. bxc3 0-0 11. Bg5 b6 12. Bd3 Bb7 13. Re1 Nb8 14. Bc2 Nbd7 15. Ne5 h6 16. Bh4 Qe8 17. Qd3 g6 18. Qd2 Kg7 19. Ba4 Qc8 20. Nxd7 Nxd7 21. Qf4 Bc6 22. Bb3 Qb7 23. Re3 Bxg2 24. Rae1 Bc6 25. Rh3 h5 26. Re5 Nxe5 27. Bf6+ Kh7 28. Bc2 Nf3+ 29. Kf1 Qa6+ 30. Kg2 Ng5+ 31. Kg3 Nxh3 32. Kxh3 Qf1+ 33. Kh4 Qe2 34. Bxg6+ fxg6 35. Qc7+ 1-0

[Event "AUT-chT2S 9899"]
[Site "Austria"]
[Date "1998.10.18"]
[Round "2.4"]
[White "Demuth, Markus"]
[Black "Jetzl, Joerg"]
[Result "1-0"]
[WhiteElo "2225"]
[BlackElo "2225"]
[PlyCount "79"]
[EventDate "1998.10.??"]
[EventType "team"]
[EventRounds "11"]
[EventCountry "AUT"]
[SourceTitle "EXT 2001"]
[Source "ChessBase"]
[SourceDate "2000.11.22"]
[SourceVersion "1"]
[SourceVersionDate "2000.11.22"]
[SourceQuality "1"]

1. e4 e6 2. d4 d5 3. Nc3 Bb4 4. e5 c5 5. a3 Bxc3+ 6. bxc3 Qc7 7. Qg4 f5 8. Qg3 cxd4 9. cxd4 Ne7 10. Bd2 0-0 11. Bd3 b6 12. Ne2 Ba6 13. Nf4 Qd7 14. Bb4 Rc8 15. Qg5 Nec6 16. Bxa6 Nxa6 17. c3 Naxb4 18. axb4 a5 19. b5 Na7 20. g4 Rf8 21. c4 dxc4 22. d5 exd5 23. 0-0-0 d4 24. e6 Qd6 25. Nh5 Qa3+ 26. Kd2 Qc3+ 27. Ke2 d3+ 28. Kf1 fxg4 29. Qxg4 Rae8 30. Rg1 Re7 31. Qg5 Nc8 32. Nf4 Qd4 33. Rg4 Rxe6 34. Qxg7+ Qxg7 35. Rxg7+ Kxg7 36. Nxe6+ Kf7 37. Nxf8 Kxf8 38. Ke1 Nd6 39. Kd2 Ke7 40. Kc3 1-0

[Event "Karl Wagner Memorial 5th"]
[Site "Graz"]
[Date "1998.09.13"]
[Round "9.22"]
[White "Jetzl, Joerg"]
[Black "Wallner, Dieter"]
[Result "1-0"]
[WhiteElo "2225"]
[BlackElo "2110"]
[PlyCount "103"]
[EventDate "1998.09.??"]
[EventType "swiss"]
[EventRounds "9"]
[EventCountry "AUT"]
[SourceTitle "EXT 1999"]
[Source "ChessBase"]
[SourceDate "1998.11.16"]
[SourceVersion "1"]
[SourceVersionDate "1998.11.16"]
[SourceQuality "1"]

1. d4 Nf6 2. c4 g6 3. Nc3 Bg7 4. e4 d6 5. h3 0-0 6. Bd3 Nc6 7. Nge2 e5 8. d5 Nd4 9. Be3 Ne8 10. Bb1 Nxe2 11. Qxe2 f5 12. Bd3 c5 13. dxc6 bxc6 14. g4 f4 15. Bd2 Nc7 16. Bc2 Ne6 17. Qd3 Ba6 18. b4 Nd4 19. b5 cxb5 20. cxb5 Bb7 21. Bb3+ Kh8 22. Bd5 Qd7 23. Bxb7 Qxb7 24. Rb1 Rac8 25. f3 Rc5 26. h4 h6 27. h5 g5 28. Kf2 Rfc8 29. Rhc1 Bf6 30. Nd5 Bd8 31. Rxc5 dxc5 32. Qc4 Kg7 33. a4 Kf8 34. Rc1 Be7 35. Bb4 Bd6 36. Ba3 Kg7 37. Kg2 Kf8 38. Nb4 Ke7 39. Nd3 Ne6 40. Kh3 Rc7 41. Kg2 Qb6 42. Qd5 c4 43. Bxd6+ Qxd6 44. Nxe5 c3 45. Nc6+ Rxc6 46. bxc6 Qa3 47. Qd7+ Kf8 48. Qc8+ Kf7 49. Rd1 Qb2+ 50. Kh3 Qf2 51. Rd7+ Kf6 52. Qh8+ 1-0

[Event "Karl Wagner Memorial 5th"]
[Site "Graz"]
[Date "1998.09.10"]
[Round "6.29"]
[White "Seidl, Juergen"]
[Black "Jetzl, Joerg"]
[Result "1-0"]
[WhiteElo "2160"]
[BlackElo "2225"]
[PlyCount "79"]
[EventDate "1998.09.??"]
[EventType "swiss"]
[EventRounds "9"]
[EventCountry "AUT"]
[SourceTitle "EXT 1999"]
[Source "ChessBase"]
[SourceDate "1998.11.16"]
[SourceVersion "1"]
[SourceVersionDate "1998.11.16"]
[SourceQuality "1"]

1. d4 e6 2. c4 d5 3. Nc3 c5 4. e3 Nf6 5. Nf3 Nc6 6. a3 a6 7. dxc5 Bxc5 8. b4 Ba7 9. Bb2 0-0 10. Be2 d4 11. exd4 Nxd4 12. Nxd4 Bxd4 13. Qc2 e5 14. 0-0 Qe7 15. Na4 Bxb2 16. Nxb2 Be6 17. Rfd1 Rac8 18. c5 Nd5 19. g3 a5 20. Bc4 Rfd8 21. Qb3 Nc7 22. Qc3 Bf5 23. Qf3 g6 24. Qe2 e4 25. Rxd8+ Rxd8 26. Rd1 Re8 27. Qe3 Bg4 28. Rd6 axb4 29. axb4 Ra8 30. Be2 Bh3 31. Bf1 Bf5 32. Nd1 Ra4 33. Qb3 Ra1 34. Qb2 Ra8 35. h4 Bg4 36. Ne3 Bf3 37. Kh2 h5 38. Bh3 f5 39. Rxg6+ Kh7 40. Bxf5 1-0

[Event "Karl Wagner Memorial 5th"]
[Site "Graz"]
[Date "1998.09.06"]
[Round "2.14"]
[White "Balinov, Ilia"]
[Black "Jetzl, Joerg"]
[Result "1-0"]
[WhiteElo "2450"]
[BlackElo "2225"]
[PlyCount "111"]
[EventDate "1998.09.??"]
[EventType "swiss"]
[EventRounds "9"]
[EventCountry "AUT"]
[SourceTitle "EXT 1999"]
[Source "ChessBase"]
[SourceDate "1998.11.16"]
[SourceVersion "1"]
[SourceVersionDate "1998.11.16"]
[SourceQuality "1"]

1. e4 e6 2. d4 d5 3. Nc3 Nf6 4. e5 Nfd7 5. f4 c5 6. Nf3 Nc6 7. Be3 Qb6 8. a3 cxd4 9. Nxd4 Bc5 10. Na4 Qa5+ 11. c3 Bxd4 12. Bxd4 Nxd4 13. Qxd4 b6 14. Qb4 Qxb4 15. axb4 Bb7 16. Bb5 Rc8 17. Kd2 Bc6 18. Bd3 g5 19. g3 gxf4 20. gxf4 Rg8 21. b5 Rg2+ 22. Ke3 Ba8 23. Rag1 Rxg1 24. Rxg1 Ke7 25. b4 Nf8 26. h4 Ng6 27. h5 Nh4 28. Rg4 d4+ 29. cxd4 Ng2+ 30. Kf2 Rc1 31. Nb2 Bd5 32. Rxg2 Bxg2 33. Kxg2 Ra1 34. Kf3 Ra3 35. Ke3 Rb3 36. Nd1 h6 37. Nf2 Rxb4 38. Ng4 Rb2 39. Nxh6 Rh2 40. Ng8+ Kf8 41. Nf6 Rh3+ 42. Ke2 Rh2+ 43. Kf3 Kg7 44. f5 Rh3+ 45. Ke2 Rh2+ 46. Ke3 Rh3+ 47. Kd2 Rh2+ 48. Kc3 Rh3 49. Kc4 Rh4 50. fxe6 fxe6 51. Bg6 Rh1 52. Ne8+ Kf8 53. Nd6 Kg7 54. Nb7 Rc1+ 55. Kd3 Rc8 56. Nd6 1-0

[Event "Budapest FS05 IM"]
[Site "Budapest"]
[Date "1997.??.??"]
[Round "2"]
[White "Eperjesi, Laszlo"]
[Black "Jetzl, Joerg"]
[Result "1-0"]
[WhiteElo "2340"]
[BlackElo "2245"]
[PlyCount "61"]
[EventDate "1997.05.??"]
[EventType "tourn"]
[EventRounds "13"]
[EventCountry "HUN"]
[EventCategory "3"]
[SourceTitle "EXT 1998"]
[Source "ChessBase"]
[SourceDate "1997.11.17"]
[SourceVersion "1"]
[SourceVersionDate "1997.11.17"]
[SourceQuality "1"]

1. d4 f5 2. g3 Nf6 3. Bg2 e6 4. Nf3 d5 5. 0-0 Bd6 6. b3 Qe7 7. a4 a5 8. Ba3 Bxa3 9. Nxa3 0-0 10. Ne5 c6 11. e3 b6 12. Qb1 Ba6 13. c4 Ne4 14. Rc1 Rc8 15. f3 Nf6 16. Qb2 Bb7 17. Nb1 Na6 18. Nc3 Rd8 19. Re1 Nd7 20. Nxd7 Rxd7 21. Bf1 Kh8 22. Rad1 Rad8 23. f4 Nc7 24. Nb1 Ba6 25. Nd2 Qb4 26. Qc2 Re7 27. Nf3 Ra8 28. Ne5 Bb7 29. c5 bxc5 30. dxc5 Rb8 31. Nd3 1-0

[Event "Budapest FS05 IM"]
[Site "Budapest"]
[Date "1997.??.??"]
[Round "3"]
[White "Jetzl, Joerg"]
[Black "Czebe, Attila"]
[Result "1/2-1/2"]
[WhiteElo "2245"]
[BlackElo "2325"]
[PlyCount "70"]
[EventDate "1997.05.??"]
[EventType "tourn"]
[EventRounds "13"]
[EventCountry "HUN"]
[EventCategory "3"]
[SourceTitle "EXT 1998"]
[Source "ChessBase"]
[SourceDate "1997.11.17"]
[SourceVersion "1"]
[SourceVersionDate "1997.11.17"]
[SourceQuality "1"]

1. d4 e6 2. e4 d5 3. Nd2 dxe4 4. Nxe4 Qd5 5. Nc3 Bb4 6. Nf3 Nf6 7. Bd3 Ne4 8. 0-0 Nxc3 9. bxc3 Bxc3 10. Rb1 c6 11. Rb3 Bxd4 12. c4 Qd8 13. Nxd4 Qxd4 14. Qh5 Nd7 15. Bb2 Qc5 16. Qh4 Qe7 17. Qg3 f6 18. Ba3 c5 19. Bxh7 Ne5 20. Be4 g5 21. f4 gxf4 22. Rxf4 Qd6 23. Bb2 Rf8 24. Rf1 Ke7 25. Bxb7 Bxb7 26. Rxb7+ Ke8 27. Bxe5 Qxe5 28. Qg6+ Kd8 29. Qg7 Qd6 30. Rfb1 Kc8 31. h4 Qd4+ 32. Kh1 Qxh4+ 33. Kg1 Qd4+ 34. Kf1 Qxc4+ 35. Kg1 Qd4+ 1/2-1/2

[Event "Graz op"]
[Site "Graz"]
[Date "1997.??.??"]
[Round "6"]
[White "Jetzl, Joerg"]
[Black "Deutsch, Ludwig"]
[Result "1-0"]
[WhiteElo "2255"]
[BlackElo "2185"]
[PlyCount "71"]
[EventDate "1997.10.??"]
[EventType "swiss"]
[EventRounds "9"]
[EventCountry "AUT"]
[SourceTitle "EXT 2000"]
[Source "ChessBase"]
[SourceDate "1999.11.16"]
[SourceVersion "1"]
[SourceVersionDate "1999.11.16"]
[SourceQuality "1"]

1. d4 Nf6 2. c4 c5 3. e3 e6 4. Nf3 d5 5. Nc3 Nc6 6. a3 cxd4 7. exd4 dxc4 8. Bxc4 Be7 9. 0-0 0-0 10. Re1 a6 11. Bg5 b5 12. Ba2 Bb7 13. Qd3 Ne8 14. h4 g6 15. Bh6 Ng7 16. Rad1 Na5 17. d5 Nc4 18. Bxc4 bxc4 19. Qxc4 Rc8 20. Qb3 Bxd5 21. Nxd5 exd5 22. Rxd5 Qc7 23. Qd3 Bf6 24. b4 Ra8 25. Rc1 Qb7 26. Rd1 Rfe8 27. Ng5 Ra7 28. Ne4 Qe7 29. Nxf6+ Qxf6 30. Rd8 Ra8 31. Rxa8 Rxa8 32. Bg5 Qe6 33. Bd2 Nh5 34. g3 Qg4 35. Bc3 Nf4 36. Qd8+ 1-0

[Event "Graz op"]
[Site "Graz"]
[Date "1997.??.??"]
[Round "8"]
[White "Jetzl, Joerg"]
[Black "Freitag, Manfred"]
[Result "0-1"]
[WhiteElo "2255"]
[BlackElo "2390"]
[PlyCount "36"]
[EventDate "1997.10.??"]
[EventType "swiss"]
[EventRounds "9"]
[EventCountry "AUT"]
[SourceTitle "EXT 2000"]
[Source "ChessBase"]
[SourceDate "1999.11.16"]
[SourceVersion "1"]
[SourceVersionDate "1999.11.16"]
[SourceQuality "1"]

1. d4 Nf6 2. c4 g6 3. Nc3 Bg7 4. e4 d6 5. Be2 0-0 6. Bg5 Na6 7. Qd2 c5 8. d5 Nc7 9. Nf3 e6 10. e5 dxe5 11. d6 Nce8 12. Rd1 Qb6 13. Nxe5 Nxd6 14. Qxd6 Qxd6 15. Rxd6 Ne8 16. Rd8 Bxe5 17. Be7 Bf6 18. Rxe8 Bxc3+ 0-1

[Event "Budapest FS05 IM"]
[Site "Budapest"]
[Date "1997.??.??"]
[Round "7"]
[White "Jetzl, Joerg"]
[Black "Kahn, Evarth"]
[Result "0-1"]
[WhiteElo "2245"]
[BlackElo "2370"]
[PlyCount "54"]
[EventDate "1997.05.??"]
[EventType "tourn"]
[EventRounds "13"]
[EventCountry "HUN"]
[EventCategory "3"]
[SourceTitle "EXT 1998"]
[Source "ChessBase"]
[SourceDate "1997.11.17"]
[SourceVersion "1"]
[SourceVersionDate "1997.11.17"]
[SourceQuality "1"]

1. d4 Nf6 2. c4 g6 3. Nc3 Bg7 4. e4 d6 5. f3 0-0 6. Bg5 Nc6 7. Nge2 Rb8 8. Qd2 a6 9. 0-0-0 b5 10. g4 e5 11. d5 Na5 12. Ng3 bxc4 13. h4 Bd7 14. h5 Rb4 15. Be2 Qb8 16. Rh2 Qb7 17. Rdh1 Rb8 18. Bd1 h6 19. Be3 g5 20. Bxg5 hxg5 21. h6 Bh8 22. Qxg5+ Kf8 23. Qd2 Nh7 24. Nh5 Qb6 25. Ng7 Qd4 26. Qe1 Ng5 27. Rd2 Qxc3+ 0-1

[Event "Graz op"]
[Site "Graz"]
[Date "1996.??.??"]
[Round "?"]
[White "Jetzl, Joerg"]
[Black "Farago, Ivan"]
[Result "0-1"]
[WhiteElo "2210"]
[BlackElo "2525"]
[PlyCount "96"]
[EventDate "1996.06.??"]
[EventType "swiss"]
[EventRounds "9"]
[EventCountry "AUT"]
[SourceTitle "EXT 1998"]
[Source "ChessBase"]
[SourceDate "1997.11.17"]
[SourceVersion "1"]
[SourceVersionDate "1997.11.17"]
[SourceQuality "1"]

1. d4 Nf6 2. c4 e6 3. Nc3 Bb4 4. a3 Bxc3+ 5. bxc3 c5 6. e3 b6 7. Ne2 Bb7 8. Ng3 0-0 9. Bd3 Nc6 10. e4 Ne8 11. Be3 Rc8 12. 0-0 Ba6 13. Qe2 d6 14. f4 e5 15. d5 exf4 16. Bxf4 Ne5 17. Nf5 Rc7 18. a4 Bc8 19. Ne3 Re7 20. Bc2 Ng6 21. Bg3 Nf6 22. Rxf6 gxf6 23. Rf1 Re5 24. h4 Kg7 25. Qf3 h5 26. Nf5+ Bxf5 27. exf5 Ne7 28. Bxe5 dxe5 29. Qxh5 Rh8 30. Qg4+ Kf8 31. Rf3 Nc8 32. d6 Nxd6 33. Rd3 Ke7 34. h5 Qc8 35. Rd5 Rh6 36. Qh4 Kd7 37. g4 Qg8 38. Kf2 Kc7 39. Qg3 Qg5 40. a5 Qc1 41. axb6+ axb6 42. Qd3 Qf4+ 43. Ke1 e4 44. Qd2 e3 45. Qg2 Rh8 46. Ba4 Ra8 47. Bb5 Ra1+ 48. Rd1 Qf2+ 0-1